Normal view
MARC view
- امين،سمير واخرون
Entry Personal Name
001 - CONTROL NUMBER
- control field: 17324
003 - CONTROL NUMBER IDENTIFIER
- control field: JO-AjAnu
005 - DATE AND TIME OF LATEST TRANSACTION
- control field: 20230606073048.0
008 - FIXED-LENGTH DATA ELEMENTS
- fixed length control field: 230606|| aca||aabn | a|a d
040 ## - CATALOGING SOURCE
- Original cataloging agency: JO-AjAnu
- Transcribing agency: JO-AjAnu
100 ## - HEADING--PERSONAL NAME
- Personal name: امين،سمير واخرون
670 ## - SOURCE DATA FOUND
- Source citation: Work cat.: (JO-AjAnu)8895: امين،سمير واخرون, author, الاشتراكية واقتصاد السوق :تجارب(الصين-فيتنام-كوبا)